[Event "PRO League Group Stage"]
[Site "masterchessopen.com chess.com INT"]
[Date "2017.02.22"]
[Round "7"]
[White "Ajibola,Olanrewaju"]
[Black "O'Cinneide,M"]
[Result "1-0"]
[WhiteElo "2192"]
[BlackElo "2227"]

1.d4 e6 2.e4 d5 3.Nd2 Nf6 4.exd5 exd5 5.Bd3 Be7 6.Ngf3 Bg4 7.h3 Bh5 8.c3 Bg6
9.Be2 Nbd7 10.Qb3 Qc8 11.Ne5 c6 12.Nxg6 hxg6 13.Nf3 Qc7 14.c4 O-O 15.O-O dxc4
16.Bxc4 Nb6 17.Be2 Rad8 18.Ne5 Nbd5 19.Bd2 Bd6 20.Bf3 Nd7 21.Rac1 Nxe5 22.Bxd5
Nd7 23.Bf3 Nf6 24.Bg5 Qd7 25.Bxf6 gxf6 26.d5 c5 27.a4 b6 28.Rcd1 Rfe8 29.Rfe1
Rxe1+ 30.Rxe1 Re8 31.Rd1 Qe7 32.g3 Qe5 33.Qb5 Re7 34.Kg2 Kg7 35.Rd2 f5 36.a5
bxa5 37.Qxa5 Rb7 38.Qa6 Rxb2 39.Rxb2 Qxb2 40.Qxd6 c4 41.Qe7 c3 42.Qe5+ Kh7
43.Qf6 Qd2 44.Qxf7+ Kh6 45.Qg8 g5 46.Qh8+ Kg6 47.Bh5# 1-0

[Event "PRO League Group Stage"]
[Site "masterchessopen.com chess.com INT"]
[Date "2017.02.22"]
[Round "7"]
[White "Pichot,A"]
[Black "Cheng,Bi"]
[Result "1-0"]
[WhiteElo "2548"]
[BlackElo "2397"]

1.e4 c5 2.Nf3 d6 3.d4 cxd4 4.Nxd4 Nf6 5.Nc3 a6 6.Qd3 g6 7.Bg5 Bg7 8.O-O-O O-O
9.f4 Nbd7 10.Be2 Qc7 11.h4 Nc5 12.Qe3 Ng4 13.Qg3 Nf6 14.Bf3 Be6 15.h5 Bxa2
16.hxg6 fxg6 17.Nxa2 Nfxe4 18.Bxe4 Nxe4 19.Qb3+ Rf7 20.Rxh7 Nc5 21.Qc4 Qa5
22.Rdh1 d5 23.Rxg7+ Kxg7 24.Qxc5 Qxa2 25.Nb3 Kg8 26.Qd4 {#r} 1-0

[Event "PRO League Group Stage"]
[Site "masterchessopen.com chess.com INT"]
[Date "2017.02.22"]
[Round "7"]
[White "Pichot,A"]
[Black "Sambuev,B"]
[Result "0-1"]
[WhiteElo "2548"]
[BlackElo "2539"]

1.e4 e5 2.Nf3 d6 3.d4 Nf6 4.Nc3 Nbd7 5.g4 Nxg4 6.Rg1 Ngf6 7.Bc4 h6 8.Qe2 c6
9.Bb3 b5 10.a4 b4 11.Qc4 d5 12.Qxc6 bxc3 13.dxe5 Bb4 14.bxc3 Bb7 15.Qxb7 Bxc3+
16.Kf1 Rb8 17.Qxa7 Bxa1 18.exf6 Qxf6 19.Qe3 O-O 20.Bxd5 Rfc8 21.Bb3 Rc3 22.Qa7
Rxf3 23.Qxd7 Rxf2+ {#R} 0-1

[Event "PRO League Group Stage"]
[Site "masterchessopen.com chess.com INT"]
[Date "2017.02.22"]
[Round "7"]
[White "Balakrishnan,Praveen"]
[Black "Abrahams,Steven L"]
[Result "1-0"]
[WhiteElo "2465"]
[BlackElo "2055"]

1.e4 c5 2.Nf3 d6 3.d4 cxd4 4.Nxd4 Nf6 5.Nc3 a6 6.Be2 e5 7.Nb3 Be7 8.O-O Qc7
9.f3 Be6 10.Be3 Nbd7 11.Kh1 b5 12.Qd2 Nb6 13.Na5 Rc8 14.Bxb6 Qxb6 15.Nd5 Bxd5
16.exd5 Nxd5 17.Qxd5 Qxa5 18.a4 Qb4 19.axb5 O-O 20.bxa6 Bd8 21.a7 Qxb2 22.a8=Q
Rxa8 23.Rxa8 Qb6 24.Bc4 Qc7 25.Rb1 g6 26.Rb7 {#r} 1-0

[Event "PRO League Group Stage"]
[Site "masterchessopen.com chess.com INT"]
[Date "2017.02.22"]
[Round "7"]
[White "Ducarmon,Q"]
[Black "Bacrot,E"]
[Result "0-1"]
[WhiteElo "2468"]
[BlackElo "2695"]

1.e4 e5 2.Nf3 Nc6 3.Bb5 a6 4.Ba4 Nf6 5.O-O Be7 6.Bxc6 dxc6 7.d3 Nd7 8.Nbd2 f6
9.Nc4 Nc5 10.d4 exd4 11.Nxd4 Nxe4 12.Re1 f5 13.f3 Nf6 14.Bf4 O-O 15.c3 Nd5
16.Bg3 Bf6 17.Na5 Kh8 18.Qd3 c5 19.Ne6 Bxe6 20.Rxe6 Qd7 21.Rae1 c6 22.Kh1 Rad8
23.c4 Nb4 24.Qb3 f4 25.Bxf4 Nd3 26.Rd6 Qf5 27.Rxd8 Bxd8 28.Bd6 Nxe1 {#R} 0-1

[Event "PRO League Group Stage"]
[Site "masterchessopen.com chess.com INT"]
[Date "2017.02.22"]
[Round "7"]
[White "Ducarmon,Q"]
[Black "Degraeve,Remy"]
[Result "1-0"]
[WhiteElo "2468"]
[BlackElo "2019"]

1.e4 e5 2.Nf3 Nc6 3.Bb5 Bc5 4.c3 f5 5.d4 fxe4 6.Bxc6 dxc6 7.Nxe5 Bd6 8.Qh5+ g6
9.Qe2 Bf5 10.Nd2 Bxe5 11.dxe5 Qd5 12.Nc4 Be6 13.b3 Qd3 14.Qxd3 exd3 15.Nb2
O-O-O 16.Bg5 Rd5 17.O-O-O Rxe5 18.f4 Re2 19.Rxd3 b6 20.Rd2 Rxd2 21.Kxd2 h6
22.Bh4 Kd7 23.Nd3 Kd6 24.Ne5 g5 25.Ng6 Rh7 26.fxg5 hxg5 27.Bg3+ Kd5 28.Re1 Bf7
29.Re5+ Kd6 30.Rxg5+ Ke6 31.Nf8+ {#r} 1-0

[Event "PRO League Group Stage"]
[Site "masterchessopen.com chess.com INT"]
[Date "2017.02.22"]
[Round "7"]
[White "Sebenik,M"]
[Black "Salomon,J"]
[Result "1-0"]
[WhiteElo "2534"]
[BlackElo "2470"]

1.Nf3 Nf6 2.g3 b6 3.Bg2 Bb7 4.c4 c5 5.O-O g6 6.b3 Bg7 7.Bb2 O-O 8.Nc3 d6 9.d4
cxd4 10.Nxd4 Bxg2 11.Kxg2 Qc8 12.e4 Qb7 13.f3 a6 14.a4 Nbd7 15.Rf2 Rfe8 16.Rc1
Rad8 17.Re2 h5 18.h4 Ne5 19.Nd5 e6 20.Nxf6+ Bxf6 21.Rd2 d5 22.cxd5 exd5 23.Nc6
dxe4 24.Nxd8 exf3+ 25.Kf1 Qe4 26.Bxe5 Rxe5 27.Nc6 Re6 28.Rd3 Bxh4 29.Rc4 Qf5
30.Rxh4 Rxc6 31.Rxf3 Qc8 32.Rc4 Qh3+ 33.Kg1 Re6 34.Rc8+ Kg7 35.Qa1+ f6 36.Rc7+
Kh6 37.Qc1+ g5 38.Qf1 {#r} 1-0

[Event "PRO League Group Stage"]
[Site "masterchessopen.com chess.com INT"]
[Date "2017.02.22"]
[Round "7"]
[White "Sturt,R"]
[Black "Bartell,T"]
[Result "0-1"]
[WhiteElo "2431"]
[BlackElo "2345"]

1.d4 Nf6 2.c4 e6 3.Nf3 Bb4+ 4.Bd2 Qe7 5.Nc3 O-O 6.g3 Nc6 7.Bg2 d6 8.O-O Bxc3
9.Bxc3 e5 10.d5 Nb8 11.Nd2 a5 12.e4 Bg4 13.Qc2 Nbd7 14.Rae1 Nc5 15.f4 Bc8
16.Nf3 Nfd7 17.Nh4 g6 18.b3 f6 19.Re3 c6 20.Qd2 Qd8 21.dxc6 Nb6 22.fxe5 fxe5
23.Rxf8+ Qxf8 24.Bxa5 Ra6 25.Rf3 Qe7 26.Bxb6 Rxb6 27.Qh6 Qg7 28.Qg5 Ne6
29.cxb7 Rxb7 30.Qe3 Nd4 31.Rf2 Rf7 32.Nf3 Rxf3 33.Rxf3 Qa7 34.Rf2 Kg7 35.h3 h6
36.Kh2 Qa3 37.Qc1 Qxc1 38.Bf1 Qe1 39.Kg2 Bxh3+ 40.Kg1 Bxf1 41.Rxf1 Qxg3+
42.Kh1 Nf3 43.Rxf3 Qxf3+ {#R} 0-1

[Event "PRO League Group Stage"]
[Site "masterchessopen.com chess.com INT"]
[Date "2017.02.22"]
[Round "7"]
[White "Sturt,R"]
[Black "Vovk,A"]
[Result "1-0"]
[WhiteElo "2431"]
[BlackElo "2633"]

1.d4 Nf6 2.c4 g6 3.Nc3 Bg7 4.e4 d6 5.Nf3 O-O 6.h3 e5 7.d5 a5 8.Bg5 Na6 9.g4
Qe8 10.Be2 Nd7 11.Rg1 Kh8 12.h4 f5 13.gxf5 gxf5 14.exf5 Ndc5 15.Qd2 Bxf5
16.Bh6 Bxh6 17.Qxh6 Qe7 18.O-O-O Nb4 19.Qe3 Nxa2+ 20.Nxa2 a4 21.Rde1 c6 22.Rg5
cxd5 23.Nd4 Be4 24.Nb5 d4 25.Qg3 Qf6 26.Rg1 Rac8 27.f3 Bc6 28.Kb1 Bd7 29.Nb4
Bxb5 30.cxb5 Qf7 31.Rg7 Qf5+ 32.Ka2 Qe6+ 33.Bc4 Qxc4+ 34.Kb1 Rg8 35.Qg5 Qe6
36.Nd5 h6 37.Nf6 {#r} 1-0

[Event "PRO League Group Stage"]
[Site "masterchessopen.com chess.com INT"]
[Date "2017.02.22"]
[Round "7"]
[White "Degraeve,Remy"]
[Black "Van Wely,L"]
[Result "0-1"]
[WhiteElo "2019"]
[BlackElo "2695"]

1.e4 c5 2.Nc3 d6 3.f4 Nc6 4.Nf3 g6 5.Bc4 Bg7 6.d3 e6 7.O-O Nge7 8.Qe1 O-O
9.Qh4 d5 10.Bb3 Nd4 11.Nxd4 cxd4 12.Ne2 a5 13.a3 dxe4 14.dxe4 d3 15.Ng3 d2
16.Bxd2 Qxd2 17.Qxe7 a4 18.Ba2 Bxb2 19.Rad1 Qe3+ 20.Kh1 Qxa3 21.Qxa3 Bxa3
22.f5 b5 23.Rf3 Bb2 24.Rdf1 b4 25.h4 Be5 26.h5 g5 27.Ne2 Ba6 28.R1f2 g4 29.Re3
Rfd8 30.fxe6 Rd1+ 31.Ng1 Bd4 32.e7 b3 {#R} 0-1

[Event "PRO League Group Stage"]
[Site "masterchessopen.com chess.com INT"]
[Date "2017.02.22"]
[Round "7"]
[White "Degraeve,Remy"]
[Black "Van der Lende,I"]
[Result "0-1"]
[WhiteElo "2019"]
[BlackElo "2315"]

1.e4 e6 2.d4 d5 3.Nd2 Nc6 4.Ngf3 Nf6 5.e5 Nd7 6.Bd3 Nb4 7.Be2 c5 8.c3 Nc6
9.Bd3 Be7 10.O-O a5 11.a4 Qb6 12.dxc5 Nxc5 13.Bc2 Qc7 14.Qe2 b6 15.c4 Nb4
16.Bb1 dxc4 17.Nxc4 Ba6 18.Nd4 Nb3 19.Qf3 Rc8 20.Nxb3 Qxc4 21.Re1 O-O 22.Bd2
g6 23.h4 Rfd8 24.Bg5 Bxg5 25.hxg5 Nd3 26.Re3 Qxb3 27.Ra3 Qxb2 28.Bxd3 Qxa3
29.Bxa6 Rc1+ 30.Kh2 Qxa4 31.Qh3 Rd4 32.Ra3 Qb4 33.Qf3 Rh4+ 34.Kg3 Rg4+ 35.Kh2
Qf4+ 36.Qxf4 Rxf4 37.Rb3 Rb4 38.Rd3 a4 39.Rd8+ Kg7 40.Rd7 Rc5 41.Be2 Rxe5 {#R}
0-1

[Event "PRO League Group Stage"]
[Site "masterchessopen.com chess.com INT"]
[Date "2017.02.22"]
[Round "7"]
[White "Noritsyn,N"]
[Black "Della Morte,G"]
[Result "0-1"]
[WhiteElo "2468"]
[BlackElo "2375"]

1.e4 e5 2.Nf3 Nc6 3.Bb5 a6 4.Ba4 Nf6 5.d3 d6 6.c3 g6 7.O-O Bg7 8.c4 O-O 9.Nc3
Nd7 10.Nd5 Nc5 11.Bg5 f6 12.Be3 Nxa4 13.Qxa4 f5 14.exf5 gxf5 15.Qb3 Kh8 16.Kh1
b6 17.Ng1 f4 18.Bd2 Nd4 19.Qd1 f3 20.Be3 fxg2+ 21.Kxg2 c6 22.Nc3 Qh4 23.Ne4
Bg4 24.f3 Nxf3 25.Rxf3 Rxf3 26.Nxf3 Qh3+ 27.Kf2 Rf8 28.Ng5 Qxh2+ 29.Ke1 Qg3+
30.Bf2 Qg2 31.Qe2 Bxf3 32.Nxf3 Rxf3 33.Rc1 Bh6 34.Rc3 Qh1+ 35.Qf1 Bd2+ 36.Ke2
Qxf1+ 37.Kxf1 Bxc3 38.bxc3 Rxd3 39.Bxb6 Rxc3 40.Bc7 Rxc4 41.Bxd6 e4 42.a3 Kg8
43.Ke2 Kf7 44.Ke3 Ke6 45.Bf8 Kd5 46.Bg7 Rc1 {#R} 0-1

[Event "PRO League Group Stage"]
[Site "masterchessopen.com chess.com INT"]
[Date "2017.02.22"]
[Round "7"]
[White "Kulkarni,R"]
[Black "Shaposhnikov,E"]
[Result "0-1"]
[WhiteElo "2344"]
[BlackElo "2557"]

1.e4 c5 2.c3 Nf6 3.e5 Nd5 4.d4 cxd4 5.Nf3 d6 6.cxd4 Nc6 7.Bc4 dxe5 8.Bxd5 Qxd5
9.Nc3 Qd6 10.d5 Nd4 11.Nxd4 exd4 12.Qxd4 e5 13.Qc4 Bd7 14.Ne4 Qb4+ 15.Qxb4
Bxb4+ 16.Bd2 Bxd2+ 17.Kxd2 f5 18.Nc5 b6 19.Nd3 O-O-O 20.Nxe5 Be6 21.Ke3 Bxd5
22.f4 Rhe8 23.a3 g5 24.Rhc1+ Kb7 25.g3 gxf4+ 26.gxf4 Be4 27.Rc3 Re7 28.Rg1 Rd6
29.b4 Rh6 30.Rg8 Rxh2 31.Rcc8 Rh3+ 32.Kd4 Rxa3 33.b5 a6 34.Rb8+ Ka7 35.Nc6+
Bxc6 36.bxc6 Re4+ {#R} 0-1

[Event "PRO League Group Stage"]
[Site "masterchessopen.com chess.com INT"]
[Date "2017.02.22"]
[Round "7"]
[White "Kulkarni,R"]
[Black "Gorozhanin,M"]
[Result "1-0"]
[WhiteElo "2344"]
[BlackElo "2408"]

1.e4 e6 2.d4 d5 3.exd5 exd5 4.c4 Nf6 5.Nc3 Bb4 6.Bd3 O-O 7.Ne2 dxc4 8.Bxc4 Nc6
9.O-O h6 10.Be3 Na5 11.Bd3 a6 12.Ng3 Be6 13.Bc2 Nc4 14.Bc1 Nd6 15.Qd3 Bc4
16.Qf3 Bxf1 17.Kxf1 Re8 18.Bf4 Nc4 19.Nf5 Bd6 20.Bc1 c6 21.Ne4 Nxe4 22.Bxe4
Bf8 23.Bc2 Nd6 24.Ng3 Qh4 25.Bf4 Qxh2 26.Be5 Re6 27.Bb3 Rae8 28.Re1 Qh4 29.Re3
Nb5 30.Re4 Qg5 31.Kg1 Qc1+ 32.Kh2 Qg5 33.Nf5 Rg6 34.Bxf7+ Kxf7 35.Nxh6+ Ke6
36.Qf7# 1-0

[Event "PRO League Group Stage"]
[Site "masterchessopen.com chess.com INT"]
[Date "2017.02.22"]
[Round "7"]
[White "Vasquez Schroeder,R"]
[Black "Fontaine,R"]
[Result "0-1"]
[WhiteElo "2554"]
[BlackElo "2549"]

1.e4 c6 2.d4 d5 3.e5 Bf5 4.h4 h5 5.Bd3 Bxd3 6.Qxd3 Qa5+ 7.Nd2 e6 8.Ne2 Qa6
9.c4 Nd7 10.O-O Ne7 11.b3 Nf5 12.g3 Rd8 13.Qc3 Be7 14.a4 dxc4 15.bxc4 c5 16.d5
exd5 17.Qf3 g6 18.cxd5 Nxe5 19.Qe4 O-O 20.Bb2 Nd3 21.Bc3 Rfe8 22.Qf3 Bd6
23.Ne4 Be5 24.d6 Re6 25.Rfd1 c4 26.Bxe5 Nxe5 27.Qc3 Qc6 28.Ng5 Rexd6 29.Rxd6
Qxd6 30.Ne4 Qe7 31.Nf4 Nd4 32.Kg2 Nd3 33.Ng5 Nxf4+ 34.gxf4 Qe2 35.Qg3 Nf5 {#R}
0-1

[Event "PRO League Group Stage"]
[Site "masterchessopen.com chess.com INT"]
[Date "2017.02.22"]
[Round "7"]
[White "Pruijssers,R"]
[Black "Hawkins,Jo"]
[Result "0-1"]
[WhiteElo "2502"]
[BlackElo "2583"]

1.e4 c6 2.d4 d5 3.e5 c5 4.Nf3 Nc6 5.dxc5 Bg4 6.c3 e6 7.Be3 Nge7 8.Bb5 Qc7
9.Nbd2 Nf5 10.Bd4 Be7 11.O-O O-O 12.Be2 Nfxd4 13.cxd4 f6 14.exf6 Bxf6 15.Nb3
a5 16.a4 b6 17.Rc1 Rab8 18.Nfd2 Bf5 19.Bb5 Nxd4 20.Nxd4 Bxd4 21.cxb6 Qxb6
22.Rc6 Qa7 23.Ra6 Qf7 24.Nc4 Qf6 25.Nd6 Bg6 26.Qe2 Bb6 27.Bd7 e5 28.Nb5 Bxf2+
29.Rxf2 Qxa6 30.Qxe5 Qb6 31.Qe6+ Rf7 32.Qxb6 Rxb6 33.Rxf7 Kxf7 34.Kf2 Bd3
35.Ke3 Bc2 36.Nd4 Rxb2 37.Be6+ Kf6 38.Bxd5 Bxa4 39.Nf3 Rxg2 {#R} 0-1

[Event "PRO League Group Stage"]
[Site "masterchessopen.com chess.com INT"]
[Date "2017.02.22"]
[Round "7"]
[White "Podvin,F"]
[Black "Vasquez Schroeder,R"]
[Result "0-1"]
[WhiteElo "2145"]
[BlackElo "2554"]

1.e4 c5 2.Nf3 d6 3.Bb5+ Bd7 4.Bxd7+ Qxd7 5.c4 Nc6 6.d4 cxd4 7.Nxd4 Nf6 8.Nc3
e6 9.O-O Be7 10.Be3 O-O 11.Qe2 a6 12.Rad1 Qc7 13.f4 Na5 14.b3 b5 15.f5 e5
16.Nf3 bxc4 17.b4 Nb7 18.g4 d5 19.Nxd5 Nxd5 20.Rxd5 Bxb4 21.Nxe5 Rac8 22.Rc1
c3 23.Nd3 Ba3 24.Rc2 Nd6 25.e5 Nb5 26.Nf4 Bb2 27.e6 Na3 28.Rd7 Qe5 29.Nd3 Qe4
30.Bc5 Qxe2 31.Rxe2 Rxc5 32.Nxc5 fxe6 33.Rxe6 c2 34.Nd3 Rc8 35.Rxa6 c1=Q+
36.Nxc1 Bxc1 37.Rad6 Bg5 38.Ra6 Nc4 39.Kg2 h5 40.gxh5 Ne5 41.Rda7 Rc2+ 42.Kg3
Rc3+ 43.Kg2 Nd3 44.h6 Nf4+ 45.Kf2 Bh4+ 46.Kf1 Rc1# 0-1

[Event "PRO League Group Stage"]
[Site "masterchessopen.com chess.com INT"]
[Date "2017.02.22"]
[Round "7"]
[White "Grover,S"]
[Black "Nagy,Ga1"]
[Result "0-1"]
[WhiteElo "2467"]
[BlackElo "2433"]

1.e4 c5 2.Nf3 e6 3.g3 Nc6 4.Qe2 e5 5.Bg2 g6 6.O-O Bg7 7.Na3 Nge7 8.Nc4 O-O
9.a4 d5 10.exd5 Nxd5 11.d3 Re8 12.c3 Bf5 13.Nh4 Nf4 14.gxf4 Qxh4 15.Nd6 Re6
16.Nxf5 gxf5 17.Qf3 Rd8 18.fxe5 Rg6 19.Bf4 Nxe5 20.Bxe5 Bxe5 21.h3 Rxd3
22.Qxd3 Qf4 23.Rfd1 Qh2+ 24.Kf1 Qxg2+ 25.Ke2 Re6 26.Kd2 Qxf2+ 27.Kc1 Bf4+
28.Kb1 Re2 29.Qb5 Be5 30.Qxb7 Kg7 31.Rd7 Bxc3 32.Rxf7+ Kg6 {#R} 0-1

[Event "PRO League Group Stage"]
[Site "masterchessopen.com chess.com INT"]
[Date "2017.02.22"]
[Round "7"]
[White "Grover,S"]
[Black "Vertetics,A"]
[Result "1-0"]
[WhiteElo "2467"]
[BlackElo "2416"]

1.d4 Nf6 2.c4 c6 3.Nf3 d5 4.Qb3 Qb6 5.Nc3 Be6 6.c5 Qc7 7.Bf4 Qc8 8.g3 Nbd7
9.Bg2 h6 10.O-O g5 11.Bd2 Bg7 12.Qc2 Nf8 13.Ne5 Bf5 14.e4 dxe4 15.Qb3 Be6
16.Qc2 N8d7 17.f4 exf3 18.Nxf3 Nd5 19.Qd3 N7f6 20.Ne5 Bh3 21.Nxd5 Nxd5 22.Nxf7
Bxg2 23.Kxg2 O-O 24.Qg6 Nf4+ 25.Bxf4 Rxf7 26.Bxg5 Rxf1 27.Rxf1 Qg4 28.Rf7 Qxd4
29.Bxh6 Qd5+ 30.Rf3 Qe5 31.Bxg7 Qxg7 32.Qe6+ Kh8 33.Rf4 {#r} 1-0

[Event "PRO League Group Stage"]
[Site "masterchessopen.com chess.com INT"]
[Date "2017.02.22"]
[Round "7"]
[White "Erenburg,S"]
[Black "Sturt,R"]
[Result "1-0"]
[WhiteElo "2570"]
[BlackElo "2431"]

1.e4 e5 2.Nf3 Nc6 3.Bb5 a6 4.Ba4 Nf6 5.O-O Be7 6.d3 d6 7.c3 b5 8.Bc2 O-O
9.Nbd2 Re8 10.h3 Bf8 11.d4 exd4 12.cxd4 g6 13.Re1 Bg7 14.a4 Bb7 15.axb5 axb5
16.Rxa8 Qxa8 17.Bd3 b4 18.Qb3 Re7 19.d5 Ne5 20.Nxe5 Rxe5 21.Nf3 Re8 22.Qxb4
Ba6 23.Bc2 Nd7 24.Qa3 Nb6 25.b3 Qb7 26.Be3 Bc3 27.Rb1 f5 28.b4 Bg7 29.b5 Nc4
30.Qxa6 Qb8 31.exf5 Qd8 32.fxg6 hxg6 33.Bxg6 Rf8 34.Qa4 Rxf3 35.Qxc4 {#r} 1-0

[Event "PRO League Group Stage"]
[Site "masterchessopen.com chess.com INT"]
[Date "2017.02.22"]
[Round "7"]
[White "Macagno,S"]
[Black "Lenderman,A"]
[Result "0-1"]
[WhiteElo "2320"]
[BlackElo "2573"]

1.d4 Nf6 2.Nf3 d5 3.Bf4 c5 4.c3 Nc6 5.e3 Qb6 6.Qb3 c4 7.Qxb6 axb6 8.Na3 Na7
9.Be2 Bf5 10.Nh4 Bd7 11.Nc2 h6 12.Nf3 Bf5 13.Bd1 Nc6 14.Ne5 e6 15.f3 Nh5
16.Bg3 Nxg3 17.hxg3 Bd6 18.f4 b5 19.a3 Ke7 20.Rc1 f6 21.Nf3 g5 22.Kf2 Rag8
23.Nce1 h5 24.Bc2 Bxc2 25.Nxc2 h4 26.gxh4 gxf4 27.Rh3 Kf7 28.Re1 Rg3 29.Rxg3
fxg3+ 30.Ke2 Ne7 31.Rh1 Kg6 32.Nce1 Nf5 33.Rh3 Bc7 34.Rh1 Kh5 35.Ng5 Re8
36.Ngf3 Kg4 37.Nd2 Nxh4 38.Ndf3 Rh8 39.Rxh4+ Rxh4 40.Nxh4 Kxh4 41.Kf3 Kg5
42.Ke2 Kg4 43.Nf3 f5 44.Nd2 f4 45.e4 dxe4 46.Nxe4 f3+ 47.gxf3+ Kh3 48.Ng5+ Kh2
49.f4 Bxf4 50.Nf3+ Kh1 {#R} 0-1

[Event "PRO League Group Stage"]
[Site "masterchessopen.com chess.com INT"]
[Date "2017.02.22"]
[Round "7"]
[White "Bjornsson,Si"]
[Black "Lapite,Oluwadurotimi"]
[Result "1-0"]
[WhiteElo "2289"]
[BlackElo "2067"]

1.e4 c6 2.d4 d5 3.Nd2 dxe4 4.Nxe4 Bf5 5.Ng3 Bg6 6.h4 h6 7.Nf3 Nf6 8.h5 Bh7
9.Bd3 Bxd3 10.Qxd3 e6 11.Bd2 c5 12.O-O-O Nc6 13.Be3 cxd4 14.Nxd4 Qa5 15.Nxc6
bxc6 16.Ne4 Be7 17.Nd6+ Kf8 18.Qc4 Rb8 19.Bc5 Kg8 20.Rh3 Bxd6 21.Bxd6 Qb5
22.Qd4 Rd8 23.Qc5 Qxc5 24.Bxc5 Rxd1+ 25.Kxd1 a6 26.Ra3 Nxh5 27.Rxa6 Kh7
28.Rxc6 Nf4 29.g3 Rd8+ 30.Rd6 Rxd6+ 31.Bxd6 Nd5 32.a4 g5 33.a5 f5 34.c4 Nf6
35.a6 Ne4 36.Bb4 Nxf2+ 37.Ke2 Ne4 38.a7 Nxg3+ 39.Kf3 Ne4 40.a8=Q g4+ 41.Kf4
Kg6 42.Qg8+ Kh5 43.Be1 Ng5 44.Qe8+ {#r} 1-0

[Event "PRO League Group Stage"]
[Site "masterchessopen.com chess.com INT"]
[Date "2017.02.22"]
[Round "7"]
[White "Jonsson,Gauti Pall"]
[Black "Balogun,Oluwafemi"]
[Result "1-0"]
[WhiteElo "2036"]
[BlackElo "2222"]

1.e4 d6 2.d4 Nf6 3.Nc3 g6 4.f4 Bg7 5.Nf3 O-O 6.a3 Nc6 7.Bd3 e5 8.d5 Ne7 9.O-O
c6 10.dxc6 Nxc6 11.Qe2 Bg4 12.Kh1 Nd4 13.Qf2 Bxf3 14.gxf3 Nh5 15.Nd5 Rc8
16.Be3 f5 17.fxe5 dxe5 18.c3 fxe4 19.Bxe4 Nxf3 20.Qg2 Nh4 21.Qh3 Nf4 22.Bxf4
exf4 23.Qxc8 Qxc8 24.Ne7+ Kh8 25.Nxc8 Rxc8 26.Rxf4 g5 27.Rf7 Re8 28.Bxb7 Re2
29.Rd1 h6 30.Kg1 Kg8 31.Rdd7 Be5 32.Bd5 {#r} 1-0

[Event "PRO League Group Stage"]
[Site "masterchessopen.com chess.com INT"]
[Date "2017.02.22"]
[Round "7"]
[White "Bartell,T"]
[Black "Hambleton,A"]
[Result "0-1"]
[WhiteElo "2345"]
[BlackElo "2441"]

1.d4 Nf6 2.c4 e6 3.Nf3 b6 4.g3 Ba6 5.b3 Bb7 6.Bg2 Bb4+ 7.Bd2 c5 8.O-O O-O
9.dxc5 Bxc5 10.Nc3 d5 11.cxd5 Nxd5 12.Ne5 Bd4 13.Bg5 Nxc3 14.Bxd8 Bxg2 15.Qxd4
Nxe2+ 16.Kxg2 Nxd4 17.Be7 Re8 18.Rfd1 Nbc6 19.Nxc6 Nxc6 20.Ba3 Red8 21.Rxd8+
Rxd8 22.Rc1 Rc8 23.Rd1 Rc7 24.Rc1 f6 25.Bd6 Rc8 26.Bb8 Kf7 27.a4 e5 28.Bd6 Ke6
29.Bf8 g6 30.Bh6 Ne7 31.Rxc8 Nxc8 32.Kf3 a6 33.Ke4 Nd6+ 34.Kd3 Kd5 35.Be3 b5
36.axb5 axb5 37.f3 Nf5 38.Bf2 Nd4 39.Bxd4 exd4 40.b4 g5 41.h3 f5 {#R} 0-1

[Event "PRO League Group Stage"]
[Site "masterchessopen.com chess.com INT"]
[Date "2017.02.22"]
[Round "7"]
[White "Talyansky,Seth D"]
[Black "Liou,Y"]
[Result "0-1"]
[WhiteElo "2176"]
[BlackElo "2414"]

1.e4 e5 2.Nf3 Nc6 3.Bb5 a6 4.Ba4 Nf6 5.O-O Be7 6.Re1 b5 7.Bb3 d6 8.c3 O-O 9.d3
Nb8 10.Nbd2 Nbd7 11.Nf1 Nc5 12.Bc2 Bb7 13.Ng3 Re8 14.d4 Ncd7 15.a4 c5 16.Nf5
Bf8 17.d5 c4 18.h3 Nc5 19.Bg5 h6 20.Bh4 g6 21.Ne3 Be7 22.Ng4 Nxg4 23.Bxe7 Qxe7
24.hxg4 Bc8 25.axb5 Bxg4 26.bxa6 Rxa6 27.Rxa6 Nxa6 28.Re3 Rb8 29.Qa1 Qb7 30.b4
cxb3 31.Bxb3 Nc5 32.Bc2 Ra8 33.Qb1 Qxb1+ 34.Bxb1 Ra1 35.Re1 Bxf3 36.gxf3 Na4
37.c4 Nc3 38.c5 dxc5 39.d6 Kf8 40.d7 Ke7 {#R} 0-1

[Event "PRO League Group Stage"]
[Site "masterchessopen.com chess.com INT"]
[Date "2017.02.22"]
[Round "7"]
[White "Jessel,S"]
[Black "Olape,B"]
[Result "1-0"]
[WhiteElo "2382"]
[BlackElo "2165"]

1.e4 d6 2.d4 Nd7 3.Nf3 Ngf6 4.Nc3 e5 5.g3 Be7 6.Bg2 O-O 7.O-O c6 8.a4 a5 9.h3
Qc7 10.Re1 Re8 11.Be3 Bf8 12.Nd2 g6 13.Kh2 Bg7 14.Nc4 b6 15.dxe5 dxe5 16.Qd6
Qxd6 17.Nxd6 Re7 18.Bf1 Ba6 19.Bxa6 Rxa6 20.Red1 Re6 21.Rd2 Bf8 22.Rad1 Kg7
23.g4 h6 24.f3 Be7 25.Ne8+ Nxe8 26.Rxd7 Bb4 27.Na2 Nf6 28.Rb7 Bc5 29.Bxc5 bxc5
30.Rd8 Ne8 31.b3 Nd6 32.Rbd7 Ne8 33.Nc1 c4 34.bxc4 Rb6 35.Nb3 Rb4 36.Nc5 Rf6
37.Rxe8 Rxc4 38.Ne6+ Kh7 39.Rf8 Rxc2+ 40.Kg3 {#r} 1-0

[Event "PRO League Group Stage"]
[Site "masterchessopen.com chess.com INT"]
[Date "2017.02.22"]
[Round "7"]
[White "Jessel,S"]
[Black "Akinseye,Abiola"]
[Result "1-0"]
[WhiteElo "2382"]
[BlackElo "2200"]

1.e4 e5 2.Nf3 Nc6 3.Bc4 Be7 4.Bb3 Nf6 5.d3 O-O 6.c3 d5 7.Qe2 h6 8.Nbd2 Bc5
9.O-O Re8 10.a4 a5 11.Rd1 Bg4 12.h3 Bh5 13.Nf1 Qd7 14.Ng3 Bg6 15.Nh4 Bh7
16.Qf3 Ne7 17.Bxh6 c6 18.Bg5 Qe6 19.Bxf6 Qxf6 20.Qxf6 gxf6 21.Nh5 Red8
22.Nxf6+ Kg7 23.Nxh7 Kxh7 24.Nf3 f6 25.exd5 cxd5 26.d4 Bd6 27.dxe5 Bxe5 28.Rd3
Rd6 29.Re1 Rad8 30.Nxe5 fxe5 31.Rxe5 Ng6 32.Rexd5 Rxd5 33.Rxd5 Re8 34.Kf1 Kh6
35.g3 Ne5 36.Rd6+ Kg7 37.Re6 Rxe6 38.Bxe6 Kf6 39.Bd5 b6 40.Ke2 Nd7 41.Be4 Ke5
42.Ke3 Nf6 43.f4+ Kd6 44.b4 {#r} 1-0

[Event "PRO League Group Stage"]
[Site "masterchessopen.com chess.com INT"]
[Date "2017.02.22"]
[Round "7"]
[White "Balogun,Oluwafemi"]
[Black "Bjornsson,Si"]
[Result "0-1"]
[WhiteElo "2222"]
[BlackElo "2289"]

1.e4 e5 2.Nf3 Nc6 3.Bb5 Nge7 4.c3 d5 5.Nxe5 dxe4 6.Nxc6 Nxc6 7.O-O Bd6 8.f3
Qh4 9.Re1 Qxh2+ 10.Kf1 O-O 11.Rxe4 Qh1+ 12.Ke2 Qxg2+ 13.Ke3 Qg5+ {#R} 0-1

[Event "PRO League Group Stage"]
[Site "masterchessopen.com chess.com INT"]
[Date "2017.02.22"]
[Round "7"]
[White "Hawkins,Jo"]
[Black "Beerdsen,Thomas"]
[Result "1-0"]
[WhiteElo "2583"]
[BlackElo "2413"]

1.d4 Nf6 2.c4 e6 3.Nc3 Bb4 4.Qc2 b6 5.e4 c5 6.d5 Qe7 7.Be2 d6 8.Nf3 O-O 9.O-O
Bxc3 10.bxc3 exd5 11.exd5 Bg4 12.Be3 Nbd7 13.Rae1 Rfe8 14.h3 Bh5 15.Bf4 Bxf3
16.Bxf3 Qxe1 17.Bxd6 Ne5 18.Be2 Qxf1+ 19.Bxf1 Rad8 20.Bxe5 Rxe5 21.Kh2 g6
22.Be2 Ne4 23.Bd3 Nd6 24.Qa4 Re7 25.Qc6 Red7 26.h4 Re7 27.h5 Kg7 28.a4 Ne8
29.a5 Rd6 30.Qc8 Rf6 31.Qd8 Kf8 32.f3 Rc7 33.axb6 axb6 34.Qb8 Re7 35.Bc2 Kg7
36.h6+ Kf8 37.Ba4 g5 38.Bc6 g4 39.fxg4 Rxh6+ 40.Kg1 Rf6 41.g5 Rf5 42.d6 Re1+
43.Kh2 {#r} 1-0

[Event "PRO League Group Stage"]
[Site "masterchessopen.com chess.com INT"]
[Date "2017.02.22"]
[Round "7"]
[White "Javakhadze,Z"]
[Black "Khachiyan,M"]
[Result "0-1"]
[WhiteElo "2468"]
[BlackElo "2530"]

1.Nf3 Nf6 2.g3 d5 3.Bg2 g6 4.b3 Bg7 5.Bb2 O-O 6.c4 c6 7.O-O Bg4 8.h3 Bxf3
9.Bxf3 e6 10.d3 Nbd7 11.Bg2 h5 12.e3 h4 13.g4 Qc7 14.Qe2 Nh7 15.Nc3 Qa5
16.Rac1 d4 17.Ne4 dxe3 18.Bxg7 Kxg7 19.fxe3 f5 20.Nc3 Ng5 21.Rf4 Rae8 22.Kh1
e5 23.Rf2 f4 24.Ne4 Nxe4 25.Bxe4 Nc5 26.Bg2 Ne6 27.g5 Qc5 28.Qg4 Qxe3 29.Rf3
Qxc1+ {#R} 0-1